A Magyar Kézilabda Szövetség és a Győri Audi ETO KC női kézilabdacsapat kommunikációs tevékenységének vizsgálata

Bibliográfiai részletek
Szerző: Hegedűs Fanni
További közreműködők: Papp Judit
Dokumentumtípus: Diplomadolgozat
Kulcsszavak:kommunikáció
kommunikációs tevékenység
marketing
sport
sportegyesület
sportkommunikáció
sportkommunikáció vizsgálat
sportmarketing
Online Access:http://dolgozattar.uni-bge.hu/59699

MARC

LEADER 00000nta a2200000 i 4500
001 dolg59699
005 20260409145438.0
008 260409suuuu hu om 000 hun d
040 |a BGE Dolgozattár Repozitórium  |b hun 
041 |a hu 
100 1 |a Hegedűs Fanni 
245 1 2 |a A Magyar Kézilabda Szövetség és a Győri Audi ETO KC női kézilabdacsapat kommunikációs tevékenységének vizsgálata  |c Hegedűs Fanni  |h [elektronikus dokumentum] 
520 3 |a A dolgozat célja az MKSZ és a Győri Audi ETO KC női kézilabdacsapat kommunikációs tevékenységének elemzése, különös tekintettel a közösségi média hatékonyságára és az alkalmazott eszközökre fókuszálva. A kutatás vizsgálja a kommunikációt a sport hazai és nemzetközi elismertségére, feltárja a használt csatornákat, és elemzi a szurkolói visszajelzéseket. Összehasonlítja a női válogatott és a klub stratégiáit, kiemelve a hasonlóságokat és eltéréseket. A dolgozat célja feltárni a lehetőségeket a szurkolói elköteleződés növelése, a fiatalabb célcsoportok hatékony megszólítása és a kommunikációs tevékenységek fejlesztése érdekében a sportág további népszerűsítéséért. A TDK dolgozathoz szekunder és primer kutatást is alkalmaztam. A szekunder kutatás során szakirodalmakat használtam, hogy alátámasszam és kiegészítsem az eredményeimet. A primer kutatás elvégzése alatt mélyinterjúkat készítettem a Magyar Kézilabda Szövetség kommunikációs igazgató-helyettesével, Liszkay Gáborral, és a Győri Audi ETO KC kommunikációs vezetőjével, Fata Edinával, hogy mélyebb betekintést nyerjek a kommunikációs tevékenységekbe. Ezen kívül kvantitatív kutatást is végeztem online kérdőív segítségével, amely a szurkolók véleményét és tapasztalatait térképezte fel. Ez a kombinált megközelítés lehetővé tette, hogy átfogó képet alkossak a magyar kézilabda kommunikációjáról. A kutatás elemzi a közösségi média szerepét és optimalizálási lehetőségeit a célzottabb kommunikáció érdekében. Az eredmények szerint az MKSZ és a Győri Audi ETO KC hasonló munkamódszereket alkalmaz, de eltérő a célközönségük és a kommunikációjuk fókuszának középpontja. Mindkét szervezet számára kihívás a fiatalabb korosztály elérése, modern eszközök segítségével, például TikTokon keresztül és új mobil alkalmazások létrehozásával lehetne közelebb kerülni hozzájuk. A szurkolói visszajelzések alapján szükség van több interaktív, kulisszák mögötti tartalomra és szorosabb online-offline integrációra. A Győri Audi ETO KC SWOT analízise feltárta a stabil szponzori kapcsolatokat és hatékony közösségi média jelenlétet, de rávilágított a nemzetközi kommunikáció fejlesztésének szükségességére és az új csatornák használatára is. A kutatás gyakorlati javaslatokat fogalmaz meg a sport kommunikációs stratégiáinak javítására, kiemelve a szurkolói elköteleződés növelését, a fiatal célcsoport megszólítását, valamint a modern kommunikációs eszközök felhasználását a sportág népszerűsítésének érdekében. 
695 |a kommunikáció 
695 |a kommunikációs tevékenység 
695 |a marketing 
695 |a sport 
695 |a sportegyesület 
695 |a sportkommunikáció 
695 |a sportkommunikáció vizsgálat 
695 |a sportmarketing 
700 1 |a Papp Judit  |e ths 
856 4 0 |u http://dolgozattar.uni-bge.hu/59699/1/HEGEDUS_FANNI_BGE_KM_BA_2025.pdf  |z Dokumentum-elérés 
856 4 0 |u http://dolgozattar.uni-bge.hu/59699/2/HEGED%C5%B0S%20FANNI%20%20BA%20KM%20magyar%20b%C3%ADr%C3%A1lati%20lap%20BELS%C5%90%20%281%29.pdf  |z Dokumentum-elérés 
856 4 0 |u http://dolgozattar.uni-bge.hu/59699/3/Heged%C3%BCs%20Fanni%20b%C3%ADr%C3%A1lat.pdf  |z Dokumentum-elérés